000 00451nam a2200181Ia 4500
001 23898
005 20260414151008.0
008 260414t2012||||xx |||||||||||||| ||spa||
041 _aESP
082 _a711.4
_bF39
100 _aFernández, Roberto,
_eAUT
245 0 _aArquitectura y ciudad :
_bel proyecto al eco-proyecto
260 _c2012
300 _a142 páginas :
_c20 cm.
650 _aABD
654 _aCAU
942 _cLIB
_dJUS
_fJUS
_2ddc
_n
999 _c23898
_d23898